Genetics (Registro nro. 325255)
[ vista simple ]
| 000 -ENCABEZADO | |
|---|---|
| Número de control [NR] | 01870nam a22003257a 4500 |
| 005 - FECHA Y HORA DE LA ÚLTIMA TRANSACCIÓN | |
| control field | 20250220100401.0 |
| 008 - DE LONGITUD FIJA DE DATOS DE ELEMENTOS - INFORMACIÓN GENERAL | |
| Elementos de longitud fija [NR] | 250220b ||||| |||| 00| 0 eng d |
| 020 ## - NUMERO INTERNACIONAL NORMALIZADO PARA LIBROS [R] | |
| Número Internacional Normalizado del libro [NR] | 9780198712558 |
| 020 ## - NUMERO INTERNACIONAL NORMALIZADO PARA LIBROS [R] | |
| Número Internacional Normalizado del libro [NR] | 9780198795360 |
| 040 ## - FUENTE DE CATALOGACION [NR] | |
| Agencia de catalogación original [NR] | CO-BoUCM |
| Quien Cataloga | David Moreno |
| Quien Clasifica | David Moreno |
| 041 ## - CODIGO DE IDIOMA [R] | |
| Código de idioma para texto/pista de sonido o título separado [R] | Inglés |
| 245 10 - MENCION DE TITULO [NR] | |
| Título [NR] | Genetics |
| Parte restante del título [NR] | genes, genomes, and evolution |
| Mención de responsabilidad, etc. [NR] | Philip Meneely, Rachel Dawes Hoang, Iruka N. Okeke …[and another]. |
| 250 ## - MENCION DE EDICION [NR] | |
| Mención de edición [NR] | 1a.Ed |
| 260 ## - PUBLICACION, DISTRIBUCION, ETC. (PIE DE IMPRENTA) [R] | |
| Lugar de publicación, distribución, etc. [R] | Oxford |
| Nombre del editor, distribuidor, etc. [R] | Oxford University Press |
| Fecha de publicación, distribución, etc. [R] | 2017 |
| 300 ## - DESCRIPCION FISICA [R] | |
| Extensión [R] | xx, 749 Paginas |
| Otros detalles físicos [NR] | ilustraciones |
| 504 ## - NOTA DE BIBLIOGRAFIA, ETC. [R] | |
| Nota de bibliografía, etc. [NR] | Incluye referencias bibliográficas e índices |
| 505 ## - NOTA DE CONTENIDO CON FORMATO PREESTABLECIDO [R] | |
| Mención de responsabilidad [R] | Evolution, genomes, and genetics -- The central dogma of molecular biology -- Genome structure, organization, and variation -- Descent with modification: continuity and variation in the genome -- The inheritance of single-gene traits -- The cellular basis for Mendelian genetics -- X-linked genes and sex chromosomes -- The inheritance of multiple genes -- The locations of genes on chromosomes: linkage and genetic maps -- Human genetic mapping, genome-wide association studies, and complex traits -- Exchange and evolution -- Transcription: reading and expressing genes -- Translation; from nucleic acids to amino acids -- Networks of gene regulation -- Genetic analysis of cellular processes -- The genetics of populations -- Metagenomes: genome analysis of communities. |
| 650 14 - ASIENTO SECUNDARIO DE MATERIA - TERMINO TEMATICO [R] | |
| Término temático o nombre geográfico como elemento de entrada [NR] | Fenómenos genéticos |
| 9 (RLIN) | 86604 |
| 650 14 - ASIENTO SECUNDARIO DE MATERIA - TERMINO TEMATICO [R] | |
| Término temático o nombre geográfico como elemento de entrada [NR] | Genómica comparativa |
| 9 (RLIN) | 16329 |
| 650 14 - ASIENTO SECUNDARIO DE MATERIA - TERMINO TEMATICO [R] | |
| Término temático o nombre geográfico como elemento de entrada [NR] | Genética |
| 9 (RLIN) | 207 |
| 650 14 - ASIENTO SECUNDARIO DE MATERIA - TERMINO TEMATICO [R] | |
| Término temático o nombre geográfico como elemento de entrada [NR] | Genomas |
| 9 (RLIN) | 16328 |
| 650 14 - ASIENTO SECUNDARIO DE MATERIA - TERMINO TEMATICO [R] | |
| Término temático o nombre geográfico como elemento de entrada [NR] | Evolución |
| 9 (RLIN) | 15359 |
| 653 ## - TERMINO DE INDIZACION - NO CONTROLADO [R] | |
| Término de indización no controlado [R] | Biología molecular |
| 653 ## - TERMINO DE INDIZACION - NO CONTROLADO [R] | |
| Término de indización no controlado [R] | Ingeniería genética |
| 700 1# - ASIENTO SECUNDARIO - NOMBRE PERSONAL [R] | |
| Nombre personal [NR] | Hoang, Rachel Dawes |
| 9 (RLIN) | 184701 |
| 700 1# - ASIENTO SECUNDARIO - NOMBRE PERSONAL [R] | |
| Nombre personal [NR] | Okeke, Iruka N. |
| Fechas asociadas con el nombre [NR] | 1970- |
| 9 (RLIN) | 184702 |
| 700 1# - ASIENTO SECUNDARIO - NOMBRE PERSONAL [R] | |
| Nombre personal [NR] | Heston, Katherine |
| 9 (RLIN) | 184703 |
| 942 ## - ELEMENTOS DE ENTRADA AGREGADOS (KOHA) | |
| Sistema de clasificación | DEWEY |
| Tema principal | Ciencias aplicadas |
| Tipo de ítem principal el descrito en 300a | Libro |
| Edición | 1 |
| Clasificación | 576.5 |
| Parte restante de la signatura top. | M541g |
| Título oculto en OPAC | No |
| Total préstamos | Signatura topográfica | Código de barras | Última vez visto | Ejemplar | Price effective from | Tipo de ítem | Nota pública (OPAC) | Perdido | Sistema de clasificación | Dañado | No prestable | Tipo de ítem específico | Suprimido | Ubicación habitual | Ubicación actual | Localización | Fecha de creación | Forma de adquisición | Costo |
|---|---|---|---|---|---|---|---|---|---|---|---|---|---|---|---|---|---|---|---|
| 576.5 M541g | 100173623 | 12/12/2025 | Ej.1 | 20/02/2025 | Libro | Spot Ciencias Naturales | DEWEY | Libro | Quinta de Mutis | Quinta de Mutis | 3er piso | 20/02/2025 | Compra | 313280.00 |